Alliterative Names Quiz Stats

 Plays Quiz Updated May 31, 2018

Score 0/24 Timer 06:00
1 Play Today
Initials Name % Correct
MMMike Myers
82.2%
KKKeira Knightley
73.1%
WWWoodrow Wilson
71.1%
RRRachael Ray
70.6%
FFFarrah Fawcett
70.5%
BBBarry Bonds
69.3%
AAAndre Agassi
69.1%
OOOzzy Osbourne
66.7%
CCCharlie Chaplin
66.3%
TTTina Turner
65.6%
HHHarry Houdini
65.4%
EEEmilio Estevez
64.1%
Initials Name % Correct
VVVince Vaughn
64%
PPPablo Picasso
61.1%
SSSusan Sarandon
46.9%
LLLyle Lovett
44.4%
JJJames Joyce
44.2%
NNNick Nolte
41.2%
DDDaniel Defoe
32.5%
GGGreta Garbo
32.5%
ZZZinedine Zidane
28.2%
UUUgueth Urbina
15.5%
IIIvan Ilych
7%
YYYoji Yamada
1%

You're not logged in!

Compare scores with friends on all Sporcle quizzes.
OR
Log In

Sporcle TV

Today on Sporcle TV


Watch our educational content, quiz creation guides, and fun videos on Sporcle TV.

Show Comments

Extras

Top Quizzes Today


Score Distribution

Your Account Isn't Verified!

In order to create a playlist on Sporcle, you need to verify the email address you used during registration. Go to your Sporcle Settings to finish the process.

Report this User

Report this user for behavior that violates our Community Guidelines.

Details: